01388nam a2200325Ia 4500001001200000003000800012006001900020007001500039008004100054010001700095020002200112020001800134020002500152040002100177035002100198050002500219245010700244260005300351300001500404500016300419504004100582533015200623650003100775650004400806655002900850700002300879710001700902856012600919999001701045ebr10677178CaPaEBRm u cr cn|||||||||080125s2008 enk sb 100 0 eng d z 2008399781 z1847184103 (hbk.) z9781443810326 z9781847184108 (hbk.) aCaPaEBRcCaPaEBR a(OCoLC)65499585214aPN98.P67bP66 2008eb00aPostmodernism and afterh[electronic resource] :bvisions and revisions /cedited by Regina Rudaityte. aNewcastle, UK :bCambridge Scholars Pub.,c2008. avi, 216 p. aMost articles derive from papers given at the International Literary Conference at the Faculty of Philology, Vilnius University, Lithuania, Nov. 16-17, 2006. aIncludes bibliographical references. aElectronic reproduction.bPalo Alto, Calif. :cebrary,d2013.nAvailable via World Wide Web.nAccess may be limited to ebrary affiliated libraries. 0aPostmodernismvCongresses. 0aArts, Moderny20th centuryvCongresses. 7aElectronic books.2local1 aRudaityte, Regina.2 aebrary, Inc.40uhttp://site.ebrary.com/lib/rucke/Doc?id=10677178zAn electronic book accessible through the World Wide Web; click to view c58924d58924